Rome en images - Statistiques

Statistiques générales
  • Ce quiz a été pris 136 fois
  • Le résultat moyen est 12 sur 15
Statistiques - réponses
Par images Hint Réponse % Correct
Site historique Colisée
98%
Général romain Jules César
98%
Pays Vatican
96%
Chapelle Chapelle Sixtine
94%
Animal symbole Louve
94%
Fontaine Fontaine de Trevi
92%
Film Gladiator
89%
Sculpteur / Peintre / architecte Michel-Ange
87%
Plat Pâtes à la carbonara
82%
Basilique Basilique St Pierre
80%
Empereur romain Auguste
74%
Club de football AS Roma
70%
Fleuve Tibre
67%
Région Latium
53%
Chanteur italien Eros Ramazzotti
21%
Aucun quiz correspondant
Distribution des résultats
% des personnes avec chaque résultat
Percentile par nombre de réponses
Votre historique - résultats
Vous n’avez pas pris ce quiz